Statistiche per Nazionalità dei papi

Clicka qui per fare il quiz!

Statistiche generali

  • Questo quiz è stato fatto 7.297 volte
  • Il punteggio medio è 10 su 15

Statistiche sulle risposte

N° di papiPaese% Corretto
212Italia / Città del Vaticano
100%
6Germania
97%
16Francia
96%
1Argentina
94%
2Spagna
93%
1Polonia
88%
1Portogallo
79%
1Regno Unito
69%
3Grecia
59%
1Paesi Bassi
52%
2Croazia
39%
2Turchia
39%
3Israele
32%
3Siria
22%
1Libia
20%

Distribuzione punteggi

Percentile per numero di risposta

Percentuale di utenti per punteggio

I tuoi punteggi nel tempo

Non hai fatto questo quiz